000 01182nam0a22002531 4500
001 rc\678195
005 20250621210133.0
035 _a(NLR Aleph) 005915719
090 _a6423570
_c6423570
100 _a20031121d1986 |||y0rusy50 ca
101 0 _arus
102 _aRU
105 _ay |||||||||
200 1 _aФизико-химические свойства солонцов Уральской области и их мелиорация
_fГос. агропром. ком. КазССР, Упр. науч.-техн. прогресса
_g[Э.В. Казанцева, К.В. Моисеев]
210 _aАлма-Ата
_cКайнар
_d1986
215 _a31, [1] с.
_d20
225 1 _aВ помощь слушателям народных университетов сельскохозяйственных и экономических знаний школ коммунистического труда
702 1 _aКазанцева
_bЭ.В.
_gЭлеонора Викторовна
_4220
712 0 1 _aКазССР
_bАгропромышленный ком.
801 0 _aRU
_bNLR
_gpsbo
801 1 _aRU
_bELAR
_2rusmarc
852 _aNLR
_j86-4/12324
942 _cBOOK
980 _aNB